Vegan - Statistiques

Statistiques générales
  • Ce quiz a été pris 41 fois
    32 depuis la dernière actualisation
  • Le résultat moyen est 4 sur 7
Statistiques - réponses
Produit non vegan Équivalent % Correct
Fromage Faumage
93%
Foie gras Faugras
83%
Beurre Margarine
83%
Saumon Faumon
60%
Saucisson Faucisson
43%
Mayonnaise Vegannaise
37%
Cordon bleu Cordon blé
10%
Aucun quiz correspondant
Distribution des résultats
% des personnes avec chaque résultat
Percentile par nombre de réponses
Votre historique - résultats
Vous n’avez pas pris ce quiz depuis la dernière actualisation